[Event "Klatovy op-B 24th"]
[Site "Klatovy"]
[Date "2018.07.02"]
[Round "3"]
[White "Koci, Milos"]
[Black "Privoznik, Lubos"]
[Result "1/2-1/2"]
[WhiteElo "1345"]
[BlackElo "1665"]
[PlyCount "57"]
[EventDate "2018.06.30"]
[EventType "swiss"]
[EventRounds "9"]
[EventCountry "CZE"]
[SourceTitle "CBM 185 Extra"]
[Source "ChessBase"]
[SourceDate "2018.07.29"]
[SourceVersion "1"]
[SourceVersionDate "2018.07.29"]
[SourceQuality "1"]

1. d4 Nf6 2. Bf4 g6 3. Nf3 Bg7 4. e3 d6 5. Be2 0-0 6. h3 c5 7. c3 Qb6 8. Qb3 Be6 9. Qxb6 axb6 10. a3 Nc6 11. Nbd2 Na5 12. 0-0 h6 13. Rfe1 Nd5 14. Bh2 Rfc8 15. Bd3 Nc7 16. Bf4 c4 17. Be4 d5 18. Bc2 Nc6 19. e4 b5 20. e5 Bd7 21. Bg3 Ne6 22. Kh1 Bf8 23. Bh2 Ng7 24. Nh4 g5 25. Nhf3 Bf5 26. Bxf5 Nxf5 27. g4 Ng7 28. Ng1 Ne6 29. Ne2 1/2-1/2